00761 2200265 4500001002100000005001500021035002000036007000300056008004100059020001800100082001000118084001400128245013100142260004100273250001000314300003200324650003300356700002000389700001700409700002200426700001800448990000900466990001100475990000900486INLIS00000000000946320220815102046 a0010-1021000047ta220815 g 0 ind  a9786023171309 a371.3 a371.3 TOP aTop No#1 Super intensif UN 2016 SMP/MTS /cMuhammad Amien... [et.al.]; penyunting, Tin Zulaeha, M. Lukman Hakiem, Rini Yuliana aSurakarta :bBisa! publishing,c2015 acet.1 a590 hal. :bilus. ;c26 cm. 4aKUMPULAN SOAL UN. PENDIDIKAN0 aMUHAMMAD, Amien0 aTIN, Zulaeha0 aLUKMAN, Hakiem M.0 aRINI, Yuliana a5443 a5443 a a5443